A FOREST IN THE CITY (Record no. 193089)

MARC details
000 -LEADER
fixed length control field 00367nam a22001457a 4500
008 - FIXED-LENGTH DATA ELEMENTS--GENERAL INFORMATION
fixed length control field 221014b ||||| |||| 00| 0 eng d
082 ## - DEWEY DECIMAL CLASSIFICATION NUMBER
Classification number S-KUM
100 ## - MAIN ENTRY--PERSONAL NAME
Personal name KUMARI,THASIRAM
245 ## - TITLE STATEMENT
Title A FOREST IN THE CITY
Medium ENGLISH
260 ## - PUBLICATION, DISTRIBUTION, ETC. (IMPRINT)
Place of publication, distribution, etc NEW DELHI
Name of publisher, distributor, etc A.I.C.B
270 ## - ADDRESS
Address A.I.C.B,ROHINI NEW DELHI
300 ## - PHYSICAL DESCRIPTION
Extent .
Other physical details .
Dimensions 12X13
490 ## - SERIES STATEMENT
Volume number/sequential designation 1
942 ## - ADDED ENTRY ELEMENTS (KOHA)
Source of classification or shelving scheme Dewey Decimal Classification
Item type Braille-Books-English
Call number prefix S
Call number suffix KUM
Holdings
Withdrawn status Lost status Not for loan Home library Current library Date acquired Cost, normal purchase price Full call number Barcode Koha item type
      Braille-Library Braille-Library 14/10/2022 5.00 KUM BR-003352 Braille-Books-English

© Delhi Public Library
Hit Counter
free hit counter